| 000 | 00862nam a2200241 i 4500 | ||
|---|---|---|---|
| 001 | 186603 | ||
| 003 | SpMaBN | ||
| 005 | 20230906222714.0 | ||
| 008 | 161205s1979 sp afo |||| |bspa d | ||
| 020 | _a84-7025-190-2 | ||
| 080 | _a946"1936/39"(093.32) | ||
| 080 | _a929 Estornés Lasa, José | ||
| 100 | 1 |
_aEstornés Lasa, José. _948184 |
|
| 245 | 1 | 3 |
_aUn gudari navarro en los frentes de Euzkadi, Asturias, Cataluña _b: problemática vasca / _cJosé Estornes Lasa. |
| 260 |
_aSan Sebastián : _bAuñamendi, _c[1979] |
||
| 300 |
_a401 p., [16] p. de lám. col. : _bil., fot. ; _c21 cm. |
||
| 490 | 1 |
_aGran Auñamendi ; _v2 |
|
| 500 | _aÍndice onomástico. | ||
| 651 | 7 |
_aEspaña- _xHistoria- _y1936-1939, Guerra civil- _vRelatos personales. _98326 |
|
| 830 | 0 |
_aGran Auñamendi ; _v2 _9225440 |
|
| 852 |
_aES-MaACL _jL-30987 |
||
| 999 |
_c186603 _d186603 |
||